Modern digital and analog communication systems (Record no. 10140)
[ view plain ]
| 000 -LEADER | |
|---|---|
| fixed length control field | 00590 a2200181 4500 |
| 020 ## - INTERNATIONAL STANDARD BOOK NUMBER | |
| International Standard Book Number | 003058969X |
| 090 ## - LOCALLY ASSIGNED LC-TYPE CALL NUMBER (OCLC); LOCAL CALL NUMBER (RLIN) | |
| -- | 6308 |
| -- | 6308 |
| 100 10 - MAIN ENTRY--PERSONAL NAME | |
| Personal name | Lathi, B. P |
| 245 10 - TITLE STATEMENT | |
| Title | Modern digital and analog communication systems |
| Statement of responsibility, etc. | / B.P. Lathi. |
| 260 0# - PUBLICATION, DISTRIBUTION, ETC. | |
| Place of publication, distribution, etc. | New York |
| Name of publisher, distributor, etc. | : Holt, Rinehart, and Winston |
| Date of publication, distribution, etc. | , c1983. |
| 300 ## - PHYSICAL DESCRIPTION | |
| Extent | xii, 708 p. |
| Other physical details | : ill. |
| Dimensions | ; 24 cm. |
| 440 #0 - SERIES STATEMENT/ADDED ENTRY--TITLE | |
| Title | HRW series in electrical and computer engineering. |
| 500 ## - GENERAL NOTE | |
| General note | Includes index. |
| 650 #0 - SUBJECT ADDED ENTRY--TOPICAL TERM | |
| Topical term or geographic name entry element | Telecommunication systems. |
| 650 #0 - SUBJECT ADDED ENTRY--TOPICAL TERM | |
| Topical term or geographic name entry element | Digital communications. |
| 650 #0 - SUBJECT ADDED ENTRY--TOPICAL TERM | |
| Topical term or geographic name entry element | Statistical communication theory. |
| 942 ## - ADDED ENTRY ELEMENTS (KOHA) | |
| Koha item type | Book |
| Call number prefix | 621.382 LAT |
| Withdrawn status | Lost status | Damaged status | Not for loan | Collection code | Permanent Location | Current Location | Shelving location | Date acquired | Source of acquisition | Total Checkouts | Total Renewals | Full call number | Barcode | Date last seen | Date last checked out | Price effective from | Koha item type |
|---|---|---|---|---|---|---|---|---|---|---|---|---|---|---|---|---|---|
| Central Library (CL) | Central Library (CL) | General Stacks | 08/19/2016 | Donation | 3 | 2 | 621.382 LAT | SEECSD01335 | 06/02/2025 | 09/04/2019 | 08/19/2016 | Book |
